<?xml version="1.0" encoding="UTF-8"?>
<collection xmlns:xsi="http://www.w3.org/2001/XMLSchema-instance" xsi:schemaLocation="http://www.loc.gov/MARC21/slim http://www.loc.gov/standards/marcxml/schema/MARC21slim.xsd" xmlns="http://www.loc.gov/MARC21/slim">
 <record>
  <leader>00000nam a2200000 i 4500</leader>
  <controlfield tag="001">UP-1685954869149565754</controlfield>
  <controlfield tag="003">Buklod</controlfield>
  <controlfield tag="005">20241116093001.0</controlfield>
  <controlfield tag="006">m    |o  d |      </controlfield>
  <controlfield tag="007">cr |||||||||||</controlfield>
  <controlfield tag="008">241014s2019    nyu        u        eng  </controlfield>
  <datafield tag="020" ind1=" " ind2=" ">
   <subfield code="a">9780190077310 (eBook)</subfield>
  </datafield>
  <datafield tag="020" ind1=" " ind2=" ">
   <subfield code="a">9780190077327 (eBook)</subfield>
  </datafield>
  <datafield tag="020" ind1=" " ind2=" ">
   <subfield code="a">9780190077334 (eBook)</subfield>
  </datafield>
  <datafield tag="020" ind1=" " ind2=" ">
   <subfield code="a">9780190077341 (eBook)</subfield>
  </datafield>
  <datafield tag="035" ind1=" " ind2=" ">
   <subfield code="a">21045686</subfield>
  </datafield>
  <datafield tag="040" ind1=" " ind2=" ">
   <subfield code="a">DLAW</subfield>
   <subfield code="d">DLC</subfield>
   <subfield code="e">rda</subfield>
  </datafield>
  <datafield tag="041" ind1="0" ind2=" ">
   <subfield code="a">eng</subfield>
  </datafield>
  <datafield tag="082" ind1="0" ind2=" ">
   <subfield code="a">343/.032</subfield>
   <subfield code="2">23</subfield>
  </datafield>
  <datafield tag="084" ind1=" " ind2=" ">
   <subfield code="a">K 4433 </subfield>
   <subfield code="b">C79 2019eb</subfield>
  </datafield>
  <datafield tag="245" ind1="0" ind2="0">
   <subfield code="a">Cryptoassets</subfield>
   <subfield code="b">legal, regulatory, and monetary perspectives</subfield>
   <subfield code="c">Chris Brummer.</subfield>
   <subfield code="h">Electronic resource.</subfield>
  </datafield>
  <datafield tag="264" ind1=" " ind2="1">
   <subfield code="a">New York</subfield>
   <subfield code="b">Oxford University Press</subfield>
   <subfield code="c">2019.</subfield>
  </datafield>
  <datafield tag="300" ind1=" " ind2=" ">
   <subfield code="a">1 online resource (xiv, 441 pages)</subfield>
   <subfield code="b">illustrations</subfield>
   <subfield code="c">24 cm</subfield>
  </datafield>
  <datafield tag="336" ind1=" " ind2=" ">
   <subfield code="a">text</subfield>
   <subfield code="b">txt</subfield>
   <subfield code="2">rdacontent</subfield>
  </datafield>
  <datafield tag="337" ind1=" " ind2=" ">
   <subfield code="a">computer</subfield>
   <subfield code="2">rdamedia</subfield>
  </datafield>
  <datafield tag="338" ind1=" " ind2=" ">
   <subfield code="a">online resource</subfield>
   <subfield code="2">rdacarrier</subfield>
  </datafield>
  <datafield tag="504" ind1=" " ind2=" ">
   <subfield code="a">Includes bibliographical references (pages 341-428) and index.</subfield>
  </datafield>
  <datafield tag="505" ind1="0" ind2=" ">
   <subfield code="a">Introduction / Chris Brummer -- Cryptocurrencies and the Evolution of Banking, Money and Payments / -- Benjamin Geva -- Deconstructing 'Decentralization' : Exploring the Core Claim of Crypto Systems / Angela Walch -- Cryptoasset Valuation : Theory and Practice / Nic Carter -- Towards a Stable Tokenized Medium of Exchange / Alexander Lipton -- The Law and Finance of Initial Coin Offerings / Aurelio Gurrea-Martínez and Nydia Remolina León -- What Should Be Disclosed in an Initial Coin Offering? / Chris Brummer, Trevor I. Kiviat, and Jai Massari -- Blockchains and the Risk Management Infrastructure of the Derivatives Industry / Petal Walker -- Difficulties in Achieving Neutrality and Other Challenges in Taxing Crypto Assets / Christophe Waerzeggers and Irving Aw -- Blockchain and Identity Persistence / Alex Marthews and Catherine Tucker -- Policy and Regulatory Challenges of Distributed Ledger Technology and Digital Assets in Asia / Douglas Arner, Ross Buckley, Dirk Zetzsche, Bo Zhao, Anton Didenko, Cyn-Young Park and Emilija Pashoska -- Casting Light on Central Bank Digital Currency / Tommaso Mancini-Griffoli, Maria Soledad Martinez Peria, Itai Agur, Anil Ari, John Kiff, Adina Popescu, and Celine Rochon with contributions from Fabio Comelli, Federico Grinberg, Ashraf Khan, and Kristel Poh</subfield>
  </datafield>
  <datafield tag="520" ind1=" " ind2=" ">
   <subfield code="a">Cryptoassets represent one of the most high-profile financial products in the world, and fastest growing financial products in history. From Bitcoin, Etherium, and Ripple's XRP -- so called 'utility tokens' used to access financial services -- to initial coin offerings that in 2017 rivaled venture capital in money raised for startups, with an estimated $5.6 billion (USD) raised worldwide across 435 ICOs. All the while, technologists have hailed the underlying blockchain technology for these assets as potentially game changing applications for financial payments and record-keeping. At the same time, cryptoassets have produced considerable controversy. Many have turned out to be lackluster investments for investors. Others, especially ICOs, have also attracted noticeable fraud, failing firms, and alarming lapses in information sharing with investors. Consequently, many commentators around the world have pressed that ICO tokens be considered securities, and that concomitant registration and disclosure requirements attach to their sales to the public&quot;--</subfield>
   <subfield code="c">Provided by publisher.</subfield>
  </datafield>
  <datafield tag="650" ind1=" " ind2="0">
   <subfield code="a">Electronic books</subfield>
   <subfield code="c">Cryptocurrencies.</subfield>
  </datafield>
  <datafield tag="650" ind1=" " ind2="0">
   <subfield code="c">Cryptocurrencies</subfield>
   <subfield code="x">Law and legislation.</subfield>
  </datafield>
  <datafield tag="700" ind1="1" ind2=" ">
   <subfield code="b">Brummer, Chris</subfield>
   <subfield code="d">1975-</subfield>
   <subfield code="e">editor.</subfield>
  </datafield>
  <datafield tag="856" ind1="0" ind2="0">
   <subfield code="u">https://doi.org/10.1093/oso/9780190077310.001.0001</subfield>
   <subfield code="y">click here to access</subfield>
   <subfield code="z">available to all UP Students</subfield>
   <subfield code="3">University of the Philippines, College of Law</subfield>
  </datafield>
  <datafield tag="905" ind1=" " ind2=" ">
   <subfield code="a">FO</subfield>
  </datafield>
  <datafield tag="852" ind1="0" ind2=" ">
   <subfield code="a">UPD</subfield>
   <subfield code="b">DLAW</subfield>
   <subfield code="h">K 4433</subfield>
   <subfield code="i">C79 2019</subfield>
  </datafield>
  <datafield tag="942" ind1=" " ind2=" ">
   <subfield code="a">Electronic Resource</subfield>
  </datafield>
 </record>
</collection>
